La teoría de la estructura : (Record no. 56152)

MARC details
000 -CABECERA
campo de control de longitud fija 00749nam a2200229 a 4500
003 - IDENTIFICADOR DEL NÚMERO DE CONTROL
campo de control MX-MxUPN
005 - FECHA Y HORA DE LA ÚLTIMA TRANSACCIÓN
campo de control 20240925065034.0
008 - ELEMENTOS DE LONGITUD FIJA--INFORMACIÓN GENERAL
campo de control de longitud fija 991125n1930 sp a r 000 0 spa d
035 ## - NÚMERO DE CONTROL DEL SISTEMA
Número de control de sistema UPN01000056152
040 ## - FUENTE DE LA CATALOGACIÓN
Centro catalogador/agencia de origen MX-MxUPN
Lengua de catalogación spa
Centro/agencia transcriptor MX-MxUPN
041 0# - CÓDIGO DE IDIOMA
Código de lengua del texto/banda sonora o título independiente spa
050 14 - SIGNATURA TOPOGRÁFICA DE LA BIBLIOTECA DEL CONGRESO
Número de clasificación LC1021 C5
Número de documento/Ítem K6.8
100 1# - ASIENTO PRINCIPAL--NOMBRE PERSONAL
Nombre de persona Koffka, Kurt,
Fechas asociadas al nombre 1886-1941
9 (RLIN) 52685
245 13 - MENCIÓN DE TÍTULO
Título La teoría de la estructura :
Resto del título la psicología novísima
260 ## - PUBLICACIÓN, DISTRIBUCIÓN, ETC.
Lugar de publicación, distribución, etc. Madrid :
Nombre del editor, distribuidor, etc. La Lectura,
Fecha de publicación, distribución, etc. 1930
300 ## - DESCRIPCIÓN FÍSICA
Extensión 171 páginas :
Otras características físicas ilustraciones
490 0# - MENCIÓN DE SERIE
Mención de serie Ciencia y educación. Contemporánea;
Designación de volumen o secuencia 30
650 #4 - ASIENTO SECUNDARIO DE MATERIA - TERMINO TEMATICO
Término de materia o nombre geográfico como elemento de entrada Psicología
9 (RLIN) 38
710 2# - ASIENTO SECUNDARIO - NOMBRE CORPORATIVO
Nombre de entidad corporativa o nombre de jurisdicción como elemento de entrada Centro Nacional de Documentación e Información Educativa (México)
9 (RLIN) 51353
Término indicativo de función/relación propietario anterior
904 ## - ELEMENTOS DE DATOS D LOCAL, LDD (RLIN)
a AC
b 056155
942 ## - ELEMENTOS DE PUNTO DE ACCESO ADICIONAL (KOHA)
Fuente del sistema de clasificación o colocación Library of Congress Classification
Tipo de ítem Koha Libro
Holdings
Estado de retiro Estado de pérdida Fuente del sistema de clasificación o colocación Estado dañado No para préstamo Código de colección Localización permanente Ubicación/localización actual Ubicación en estantería Fecha de adquisición Clasificación Código de barras Fecha visto por última vez Tipo de ítem Koha Nota pública
    Library of Congress Classification   Disponible (Previa cita) Fondo Reservado de libros Bib. Gregorio Torres Quintero Bib. Gregorio Torres Quintero Sala de Fondos Reservados Planta alta 18/11/2022 LC1021 C5 K6.8 39578 31/12/2020 Libro Ejemplar con sello del Centro Nacional de Documentación e Información Educativa